000 03937nam a22003857a 4500
005 20100218105857.0
010 _aB-396094-108
020 _a9788189790738
_c200.00
035 _aB-396094-108
037 _bपैन्सी बुक्स/VEN
082 _a821
100 _aभटनागर, शचींद्र
_922901
245 _aढाई आखर प्रेम के /
_cशचींद्र भटनागर
260 _aबिजनौर
_bहिंदी साहित्य निकेतन
_c2010
270 _a16 साहित्य विहार
_bबिजनौर (उ.प्र.)
_e110002
_k01342 263232
_l01342 262375
300 _a151पृ
_c22सेमी (सजिल्द)
500 _aशचींद्र भटनागर के गीत
942 _2ddc
_cHN
_mभटना
_h821
999 _c34104
_d34104